الواقعية الجديدة في الفكر العربي : (Record no. 5705)
[ view plain ]
| 000 -الفاتح | |
|---|---|
| حقل البيانات ثابتة الطول | 00685nac a22001571u 4500 |
| 008 - عناصر البيانات ثابتة الطول - معلومات عامة | |
| حقل البيانات ثابتة الطول | 080916s2004 xxu||||| |||| 00| 0 ara d |
| 020 ## - الرقم الدولى المعيارى للكتب | |
| الرقم الدولى المعيارى للكتاب | 9953360898 |
| 082 ## - رقم تصنيف ديوى العشرى | |
| رقم التصنيف | 301.20956 |
| رقم المادة | ج ل ا |
| 245 ## - بيان العنوان | |
| العنوان | الواقعية الجديدة في الفكر العربي : |
| بقية العنوان | المشروع الفكري للأنصاري نموذجا / |
| بيان المسئوليه,etc | محمد نعمان جلال |
| 260 ## - PUBLICATION, DISTRIBUTION, ETC. (IMPRINT) | |
| مكان الناشر او الموزع | بيروت : |
| اسم الناشر او الموزع | المؤسسة العربية للدراسات والنشر ،2004 |
| تاريخ النشر أو التوزيع | 2004. |
| 300 ## - الوصف المادى | |
| التعداد | 361 ص ؛ |
| أبعاد الوعاء | 24 سم. |
| 500 ## - تبصرة عامة | |
| تبصرة عامة | يحتوي علي فهارس |
| 511 ## - | |
| -- | Catalogued by: Sara |
| 651 ## - المدخل الاضافى بالموضوع - اسم جغرافى | |
| 9 (RLIN) | 21475 |
| الاسم الجغرافي | العالم العربي |
| التقسيم الفرعي العام | الأحوال الثقافية |
| 942 ## - عناصر المدخل الإضافي( كوها) | |
| Koha [default] item type | Book - Borrowing |
| سابقة رقم الطلب | 301.0956 ج ل ا |
| مصدر التصنيف او مخطط الترفيف | Dewey Decimal Classification |
| حالة التراجع | حالة الفقد | مصدر التصنيف او خطة الترفيف | حالة تلف | ليس للاعارة | مجموعات كوها | المكان الدائم | المكان الحالي | موقع الترفيف | تاريخ الاكتساب | Source of acquisition | رقم الاستدعاء | الباركود | Date last seen | مُعار | نوع الوعاء |
|---|---|---|---|---|---|---|---|---|---|---|---|---|---|---|---|
| Dewey Decimal Classification | Alef-Baa | Central Library | Central Library | First floor | 04/11/2007 | 301.20956ج ل ا | 000007085 | 15/07/2025 | 30/07/2012 | Book - Borrowing |